| 000 | 00719nam a2200205 4500 | ||
|---|---|---|---|
| 010 | _aA-091583 | ||
| 035 | _aA-091583 | ||
| 037 | _bCen Lib / Ret | ||
| 040 |
_aDPL _bEN |
||
| 082 |
_a707.54 _bGUP |
||
| 100 | _aGupta, S. P. | ||
| 245 |
_aThe roots of Indian art : _ba detailed study of the formative period of Indian art and architecture, third and second centuries B.C., Mauryan and late Mauryan / _cby S. P. Gupta |
||
| 260 |
_aDelhi _bB R. Publishing Corporation _c1980 |
||
| 270 |
_aB R. Publishing Corporation _bDelhi |
||
| 300 |
_a378+120p _c27cm(Hb) |
||
| 650 | _aArt, Maurya -- India. | ||
| 650 | _aArt, Ancient -- India. | ||
| 650 | _aArt, Ancient. | ||
| 942 |
_2ddc _cEN _h707.54 _mGUP |
||
| 999 |
_c137088 _d137088 |
||